Geographisches Wissen - (Haupt-)städte - Statistiken

Allgemein
  • Dieses Quiz wurde 72 mal gespielt
  • Das Durchschnittsergebnis liegt bei 18 aus 20
Antwortstatistiken
Frage Antwort % Korrekt
1.2 Welche Stadt liegt an der Themse? London
100%
1.1 Welche Stadt wird auch „Stadt der Liebe“ genannt? Paris
100%
2.2 Zu welchem Land gehört die Hauptstadt Warschau? Polen
98%
1.3 Welche Stadt ist für ihre Gondeln und Kanäle berühmt? Venedig
98%
2.5 In welcher Hauptstadt liegt das Brandenburger Tor? Berlin
97%
2.10 Welche war die Hauptstadt Deutschlands (BRD) vor 1989? Bonn
97%
2.3 Zu welchem Land gehört die Hauptstadt Athen? Griechenland
97%
2.4 In welcher Hauptstadt liegt das weiße Haus? Washington D.C.
97%
2.8 Wie heißt die neue Hauptstadt Brasiliens? (nicht Rio de Janeiro) Brasilia
95%
1.5 Welche Stadt ist für das Opernhaus mit den segelförmigen Dächern bekannt? Sydney
95%
2.1 Welche Hauptstadt gehört zu Peru? Lima
93%
2.6 In welcher Hauptstadt liegt der Kreml? Moskau
93%
1.6 Welche Stadt wird „Venedig des Nordens“ genannt? Amsterdam | Brügge | Sankt Petersburg | Hamburg
92%
1.9 Welche Stadt liegt direkt am Bosporus? Istanbul
92%
2.7 Wie heißt die neue Hauptstadt Australiens? (nicht Sydney) Canberra
90%
1.8 Welche Stadt wird „die ewige Stadt“ genannt? Rom
90%
1.7 Welche Stadt liegt an der Elbe und ist für die Semperoper bekannt? Dresden
87%
1.4 Welche Stadt liegt am Fuße des Tafelbergs? Kapstadt
77%
1.10 Welche Stadt wird „Perle an der Donau“ genannt? Budapest
75%
2.9 Wie heißt die neue Hauptstadt Nigerias? (nicht Lagos) Abuja
53%
Keine übereinstimmenden Quizze gefunden
Verteilung der Resultate
Anzahl Personen mit jedem Resultat
Perzentil nach korrekt beantworteten Fragen
Ihre Resultats-Entwicklung
Sie haben dieses Quiz noch nicht gespielt